Zeamsone - piosenki - Statystyki

Ogólne statystyki
  • Ten quiz został rozwiązany 432 razy
  • Średni wynik to 8 z 20
Statystyki odpowiedzi
Wyświetlenia Nazwa piosenki % Poprawnych
20 mln bb
94%
7,1 mln Abcd
69%
9,5 mln Ballada
68%
3,8 mln San andreas
68%
9 mln Jedna noc
61%
7,4 mln Koleżanki
50%
2,4 mln Metro
46%
4,4 mln Rosegold
46%
3,3 mln Nie interesuje
43%
2,8 mln Dystans
41%
2,4 mln Liczby
36%
2,8 mln Śnieg
31%
6,4 mln Thrasher
30%
3,9 mln High life
29%
2,6 mln To nie anioł
27%
3,8 mln Apartament
22%
2,1 mln High life 2
22%
7,4 mln Jungla
21%
7,8 mln Nic za darmo
17%
8,8 mln Kurki bomberki
3%
Nie znaleziono quizów pasujących do podanych kryteriów
Rozkład punktacji
Procent ludzi z każdym wynikiem
Percentyl według liczby udzielonych odpowiedzi
Twoja historia wyników
Nie rozwiązałeś tego quizu